Opposites / (Record no. 306663)
[ view plain ]
| 000 -LEADER | |
|---|---|
| fixed length control field | 00510nam a2200205Ia 4500 |
| 008 - FIXED-LENGTH DATA ELEMENTS--GENERAL INFORMATION | |
| fixed length control field | 170203s9999 xx 000 0 und d |
| 020 ## - INTERNATIONAL STANDARD BOOK NUMBER | |
| International Standard Book Number | 0-721416705 |
| 050 ## - LIBRARY OF CONGRESS CALL NUMBER | |
| Classification number | Fic |
| 050 ## - LIBRARY OF CONGRESS CALL NUMBER | |
| Item number | M974o |
| 100 ## - MAIN ENTRY--PERSONAL NAME | |
| Personal name | Murdock, Hy. |
| 245 ## - TITLE STATEMENT | |
| Title | Opposites / |
| 245 ## - TITLE STATEMENT | |
| Statement of responsibility, etc | by Hy Murdock ; illustrated by Tony Wells. |
| 260 ## - PUBLICATION, DISTRIBUTION, ETC. (IMPRINT) | |
| Place of publication, distribution, etc | Loughborough : |
| 260 ## - PUBLICATION, DISTRIBUTION, ETC. (IMPRINT) | |
| Name of publisher, distributor, etc | Ladybird, |
| 260 ## - PUBLICATION, DISTRIBUTION, ETC. (IMPRINT) | |
| Date of publication, distribution, etc | ©1990. |
| 300 ## - PHYSICAL DESCRIPTION | |
| Extent | 24 pages : |
| 650 ## - SUBJECT ADDED ENTRY--TOPICAL TERM | |
| Topical term or geographic name as entry element | English language -- Antonyms |
| 650 ## - SUBJECT ADDED ENTRY--TOPICAL TERM | |
| Topical term or geographic name as entry element | Readers. |
| 700 ## - ADDED ENTRY--PERSONAL NAME | |
| Personal name | Wells, Tony, ill. |
| Withdrawn status | Lost status | Damaged status | Home library | Current library | Shelving location | Date acquired | Total Checkouts | Full call number | Barcode | Date last seen | Price effective from | Koha item type |
|---|---|---|---|---|---|---|---|---|---|---|---|---|
| Stonyhurst Southville International School (Batangas) | Stonyhurst Southville International School (Batangas) | 02/03/2017 | Fic .M974o 1990 | LS-2326 | 02/03/2017 | 02/03/2017 | Books |